Elle Kennedy Books - Statistics

General Stats
  • This quiz has been taken 12 times
  • The average score is 11 of 72
Answer Stats
Hint Answer % Correct
Off Campus Series The Deal
100%
Off Campus Series The Legacy
100%
Off Campus Series The Mistake
100%
Off Campus Series The Goal
90%
Briar U The Risk
80%
Off Campus Series The Score
80%
Campus Diaries Love Song
70%
Briar U The Dare
70%
Briar U The Play
70%
Campus Diaries The Charlie Method
60%
Briar U The Chase
60%
Campus Diaries The Dixon Rule
50%
Campus Diaries The Graham Effect
50%
Avalon Bay Good Girl Complex
30%
Him Him
20%
Him Us
20%
Stand Alone Girl Abroad
10%
WAGs Good Boy
10%
Killer Instincts Midnight Action
10%
Killer Instincts Midnight Games
10%
Prep Misfit
10%
The Royals Paper Princess
10%
Prep Rogue
10%
Stand Alone Say Yes
10%
Stand Alone Top Secret
10%
Outlaws Addicted
0%
Out of Uniform As Hot as It Gets
0%
Stand Alone Bad Apple
0%
Avalon Bay Bad Girl Reputation
0%
Stand Alone Body Check
0%
Welcome to Paradise Born to Be Wild
0%
The Royals Broken Prince
0%
Outlaws Claimed
0%
The Coltons of Eden Falls Colton's Deep Cover
0%
The Royals Cracked Kingdom
0%
Stand Alone Dance of Seduction
0%
The Royals Fallen Heir
0%
Out of Uniform Feeling Hot
0%
Out of Uniform Getting Hotter
0%
Out of Uniform Heat It Up
0%
Out of Uniform Heat of Passion
0%
Out of Uniform Heat of the Moment
0%
Out of Uniform Heat of the Night
0%
Out of Uniform Heat of the Storm
0%
Small Town Scandals Her Private Avenger
0%
Out of Uniform Hotter Than Ever
0%
Killer Instincts Midnight Alias
0%
Killer Instincts Midnight Captive
0%
Killer Instincts Midnight Pursuits
0%
Killer Instincts Midnight Rescue
0%
Killer Instincts Midnight Revenge
0%
Killer Instincts Midnight Target
0%
Small Town Scandals Millionaire's Last Stand
0%
The Kelley Legacy Missing Mother-To-Be
0%
After Hours One Night of Scandal
0%
After Hours One Night of Sin
0%
After Hours One Night of Trouble
0%
Stand Alone One Small Thing
0%
Outlaws Ruled
0%
Stand Alone Silent Watch
0%
Welcome to Paradise Since You've Been Gone
0%
The Hunted Soldier Under Siege
0%
The Hunted Special Forces Rendezvous
0%
The Hunted Special Ops Exclusive
0%
WAGs Stay
0%
Welcome to Paradise Take Me Home Tonight
0%
Small Town Scandals The Heartbreak Sheriff
0%
Out of Uniform The Heat is On
0%
Avalon Bay The Summer Girl
0%
The Royals Twisted Palace
0%
Welcome to Paradise Welcome to Paradise
0%
Stand Alone When It's Real
0%
No matching quizzes found
Score Distribution
Percent of People with Each Score
Percentile by Number Answered
Your Score History
You have not taken this quiz